000 00674cam a22002052 4500
001 0000002634
005 20151217161131.0
008 070417s xx 000 0 eng d
020 _cKES 175
040 _aKABU
_cKABU
050 0 _aPE1591
_b.D53
245 1 0 _aDictionary of English synonyms and antonyms /
_cedited by G. Elgie Christ.
260 _aKamla Nagar, Delhi :
_bSurjeet Publications,
_c2000 [printing]
300 _a303 p. ;
_c21 cm.
650 0 _aEnglish language
_vDictionaries
_xSynonyms and antonyms.
_@0000152078
700 1 _aChrist, G. Elgie.
_@0000152079
908 _a070417
950 _@1
999 _c14910
_d14910